MARC details
| 000 -LEADER |
| fixed length control field |
01338cam a2200313 a 4500 |
| 001 - CONTROL NUMBER |
| control field |
12364377 |
| 005 - DATE AND TIME OF LATEST TRANSACTION |
| control field |
20161015155013.0 |
| 008 - FIXED-LENGTH DATA ELEMENTS--GENERAL INFORMATION |
| fixed length control field |
010330s2002 mau 000 0 eng |
| 010 ## - LIBRARY OF CONGRESS CONTROL NUMBER |
| LC control number |
2001030917 |
| 020 ## - INTERNATIONAL STANDARD BOOK NUMBER |
| International Standard Book Number |
0072370645 (alk. paper) |
| 040 ## - CATALOGING SOURCE |
| Original cataloging agency |
DLC |
| Transcribing agency |
DLC |
| Modifying agency |
DLC |
| 050 00 - LIBRARY OF CONGRESS CALL NUMBER |
| Classification number |
PE1417 |
| Item number |
.G67 2002 |
| 082 00 - DEWEY DECIMAL CLASSIFICATION NUMBER |
| Classification number |
DC 808.0427 |
| Edition number |
2002 |
| Item number |
W63 |
| 245 00 - TITLE STATEMENT |
| Title |
Great writing: |
| Remainder of title |
a reader for writers/ |
| Statement of responsibility, etc. |
[compiled by] Harvey S. Wiener and Nora Eisenberg. |
| 250 ## - EDITION STATEMENT |
| Edition statement |
3rd edition |
| 260 ## - PUBLICATION, DISTRIBUTION, ETC. (IMPRINT) |
| Place of publication, distribution, etc. |
Boston: |
| Name of publisher, distributor, etc. |
McGraw-Hill, |
| Date of publication, distribution, etc. |
c2002. |
| 300 ## - PHYSICAL DESCRIPTION |
| Extent |
xxvi, 608 pages; |
| Dimensions |
23 cm. |
| 650 #0 - SUBJECT ADDED ENTRY--TOPICAL TERM |
| Topical term or geographic name as entry element |
College readers. |
| 650 #0 - SUBJECT ADDED ENTRY--TOPICAL TERM |
| Topical term or geographic name as entry element |
English language |
| General subdivision |
Rhetoric |
| Form subdivision |
Problems, exercises, etc. |
| 650 #0 - SUBJECT ADDED ENTRY--TOPICAL TERM |
| Topical term or geographic name as entry element |
Report writing |
| Form subdivision |
Problems, exercises, etc. |
| 700 ## - ADDED ENTRY--PERSONAL NAME |
| Personal name |
Wiener, Harvey S. |
| 9 (RLIN) |
16349 |
| Relator term |
Compiler |
| 700 ## - ADDED ENTRY--PERSONAL NAME |
| Personal name |
Eisenberg, Nora, |
| Dates associated with a name |
1946- |
| 9 (RLIN) |
16350 |
| Relator term |
Compiler |
| 856 42 - ELECTRONIC LOCATION AND ACCESS |
| Materials specified |
Publisher description |
| Uniform Resource Identifier |
<a href="http://www.loc.gov/catdir/description/mh021/2001030917.html">http://www.loc.gov/catdir/description/mh021/2001030917.html</a> |
| 856 41 - ELECTRONIC LOCATION AND ACCESS |
| Materials specified |
Table of contents |
| Uniform Resource Identifier |
<a href="http://www.loc.gov/catdir/toc/mh021/2001030917.html">http://www.loc.gov/catdir/toc/mh021/2001030917.html</a> |
| 365 ## - TRADE PRICE |
| Price amount |
2842.00 |
| Currency code |
Php |
| 906 ## - LOCAL DATA ELEMENT F, LDF (RLIN) |
| a |
7 |
| b |
cbc |
| c |
orignew |
| d |
1 |
| e |
ocip |
| f |
20 |
| g |
y-gencatlg |
| 942 ## - ADDED ENTRY ELEMENTS (KOHA) |
| Source of classification or shelving scheme |
Dewey Decimal Classification |
| Koha item type |
Circulation |